| 000 | 00622nam a22001937a 4500 | ||
|---|---|---|---|
| 003 | OSt | ||
| 005 | 20130411182702.0 | ||
| 008 | 130409s2012 sp ||||| |||| 00| 0 spa d | ||
| 020 | _a9788497889858 | ||
| 040 | _cCDMR | ||
| 245 | 0 | 0 |
_aAnuario ThinkEPI 2012 _b: análisis de tendencias en información y documentación _cdirección Tomàs Baiget ; coordinación general Javier Gaullar |
| 260 |
_a[Barcelona] _bEditorial UOC _c2012 |
||
| 300 | _a339 p. | ||
| 650 | 0 | 4 |
_92605 _aDocumentació |
| 650 | 0 | 4 |
_9744 _aServeis d'informació |
| 700 | 1 |
_93102 _aBiaget, Tomàs _eed. |
|
| 700 | 1 |
_93103 _aGuallar, Javier |
|
| 942 |
_2udc _cMON |
||
| 999 |
_c6053 _d6053 |
||